000 00999nam a22002537a 4500
005 20170124103155.0
010 _aB-177530
020 _c400.00
_a8173120366
035 _aB-177530
037 _bCen Lib/Ret
040 _aDPL
_bHN
082 _a822
_bविजय
100 _aविजय विजन
_989452
245 _aकिरदार सलोनी /
_cविजय विजन
246 _aKirdar saloni /
_bby Vijay Vijan
260 _aदिल्ली
_bश्री नटराज प्रकाशन
_c2005
270 _aए-507/12, करतार नगर, साउथ गामडी एक्सटेंशन
_bदिल्ली
_e110053
300 _a224पृ.
_c21सेमी (सजिल्द)
650 _aसाहित्य -- नाटक
_9147
650 _aहिन्दी नाटक
_989453
650 _aLiterature -- Drama
_989454
650 _aHindia drama
_989455
942 _2ddc
_cHN
_h822
_mविजय
999 _c120276
_d120276